00558nam a2200169 4500003001100000005001700011008004100028020001500069040003900084041000800123082001500131100002400146245010400170260006700274300002700341650002000368LK-CoMWRAF20231024124246.0230821b2004 |||||||| |||| 00| 0 eng d a955899801x aLK-CoMWRAFdLK-CoMWRAFeLK-CoMWRAF aeng a339.5bARU aArudpragasam, A. R. aMonetary exploitation:bthe nature of its predisposition and an agenda for its peaceful eradication aTrincomalee:bKaruna Global Sustainability Publications,c2004 a viii, 247 p. ; 23 cm. aMONETARY POLICY